Načítá se...

Trouble spots in taxation

Podrobná bibliografie
Hlavní autor: Groves, Harold M.
Médium: Printed Book
Jazyk:English
Vydáno: London Princeton university press 1948
LEADER 00522nam a22001457a 4500
005 20151215125328.0
008 091126t xxu||||| |||| 00| 0 eng d
082 |a 336.2  |b GRO 
100 |a Groves, Harold M.  |9 11039 
245 |a Trouble spots in taxation 
300 |a 105P. 
942 |c BK  |6 _ 
260 |c 1948  |a London  |b Princeton university press  
999 |c 101854  |d 101854 
952 |0 0  |1 0  |2 ddc  |4 0  |6 3362_GRO  |7 0  |9 128507  |a SMS  |b SMS  |c GEN  |d 2009-11-26  |o 336.2 GRO  |p SMS000551  |r 2009-11-26  |w 2009-11-26  |y BK